000 00488nam a2200169Ia 4500
008 240729s9999 xx 000 0 und d
022 _a0975-1084
245 0 _aJournal of Scientific and Industrial Research
260 _aIndia
260 _bCSIR-NIScPR
650 _a Industrial engineering. Management engineering
650 _a Technology (General)
650 _aTechnology
856 _uhttps://doaj.org/toc/a2660dd8ec484d61b89d0c459a0e33d5
942 _2ddc
942 _cDOAJEJ
999 _c72820
_d72820
945 _a1
_bMadushi Gamage
_c1
_dMadushi Gamage